Пам'ятки діячам науки та культури національних меншин України (Запис № 17586)

000 -Маркер запису
Контрольне поле сталої довжини 01384nam a22002417a 4500
003 - Належність контрольного номера
Контрольне поле Uzh_bibl
008 - Кодовані дані
Контрольне поле сталої довжини 260430b |||||||| |||| 00| 0 ukr d
020 ## - Індекс ISBN
ISBN 966-522-135-3
Ціна 2.50
040 ## - Джерело каталогіз.
Код мови каталог. укр.
041 ## - Код мови видання
Код мови оригіналу українська
Код мови тексту українська
080 ## - Індекс УДК
Індекс УДК 94(477)
090 ## - Шифри
Поличний індекс 94(477)
Авторський знак П 15
100 ## - Автор
Автор
245 ## - Назва
Назва Пам'ятки діячам науки та культури національних меншин України
Відповідальність В. О. Горбик, Т. І. Бурдоносова, П. І. Скрипник
Фізичний носій Текст
260 ## - Вихідні дані
Місце видання Київ
Видавництво Голов. спеціаліз. ред. літ. мовами нац. меншин України
Дата видання 1998
300 ## - Фізичний опис
Обсяг 189 с.
520 ## - Анотація
Анотація «Пам'ятки діячам науки та культури національних меншин України: каталог-довідник» (автори В. О. Горбик та ін., 1998 р.) є фундаментальним дослідженням, що описує об'єкти спадщини, пов'язані з видатними представниками інших народів, які зробили внесок в українську культуру.
521 ## - Примітка про цільове призначення
Примітка про цільове призначення Для широкого кола читачів
546 ## - Примітка про мову
Примітка про мову укр.
650 ## - Тематичні рубрики
Основна рубрика Довідкове видання
655 ## - Термін індексування — жанр/форма
Типове ділення каталог-довідник
942 ## - ADDED ENTRY ELEMENTS (KOHA)
Джерело класифікації чи схема поличного розташування
Koha item type Книги
Фонди
Статус вилучення Статус втрати/відсутності Джерело класифікації чи схема поличного розташування Статус пошкодження Тип обігу (не для випозичання) Постійне розташування Поточне розташування Розташування у відділі Дата надходження Інвентарний номер Total Checkouts Повний (примірниковий) шифр зберігання Штрих-код Date last seen Дата, для якої чинна ціна заміни Тип одиниці (рівень примірника)
          Публічна бібліотека Публічна бібліотека Абонемент 30/04/2026 48309   94(477) 19352 30/04/2026 30/04/2026 Книги

Працює на АБІС Коха